LEADER 01113nam0 22002771i 450 001 UON00126443 005 20240415112741.574 100 $a20020107d1977 |0itac50 ba 101 $aeng 102 $aNO 105 $a|||| 1|||| 200 1 $aˆA ‰Handbook on Chinese language structure$fHenry Henne, Ole Biorn Romgen 210 $aOslo$cUniversitetsforlaget$d1977 215 $a293 p.$d22 cm 606 $aLinguistica$xCina$3UONC007764$2FI 620 $aNO$dOslo$3UONL000356 686 $aCIN II C$cCINA - LINGUISTICA - STUDI SPECIFICI$2A 700 1$aHENNE$bM. Henry$3UONV054025$0661955 701 1$aRONGEN$bOle Bjorn$3UONV077979$0667661 712 $aUniversitetsforlaget$3UONV266072$4650 801 $aIT$bSOL$c20260220$gRICA 899 $aSIBA - SISTEMA BIBLIOTECARIO DI ATENEO E ARCHIVIO STORICO$2UONSI 912 $aUON00126443 950 $aSIBA - SISTEMA BIBLIOTECARIO DI ATENEO E ARCHIVIO STORICO$dSI CIN II C 015 $eSI SA 6315 5 015 996 $aHandbook on Chinese language structure$91317174 997 $aUNIOR